Turismo de larga distancia y desarrollo regional en Costa Rica: estudios sobre las relaciones económicas-ecológicas entre turismo y desarrollo sostenible en los ámbitos globales, nacionales y micro-regionales /

שמור ב:
מידע ביבליוגרפי
מחבר ראשי: Fürst, Edgar
מחברים אחרים: ed Hein, Wolfgang Hein ed
פורמט: Texto
יצא לאור: San José: DEI
נושאים:
תגים: הוספת תג
אין תגיות, היה/י הראשונ/ה לתייג את הרשומה!

MARC

LEADER 00000 a a2200000 04500
001 31165
003
040
020 |a 9977-83-138-6  
090 |a 196307  
100 |a Fürst, Edgar  
245 |a Turismo de larga distancia y desarrollo regional en Costa Rica: estudios sobre las relaciones económicas-ecológicas entre turismo y desarrollo sostenible en los ámbitos globales, nacionales y micro-regionales /  |c Edgar Fürst 
260 |a San José:   |b DEI  
300 |a 587 p.   |b gráficas  
500 |a Informe final  
650 |a TURISMO  
650 |a ZONAS TURISTICAS  
650 |a MERCADO DE TRABAJO  
650 |a DESARROLLO SOCIAL  
650 |a ENCUESTAS  
650 |a INFRAESTRUCTURA TURISTICA  
650 |a EMPLEOS  
650 |a CONSECUENCIAS SOCIALES  
700 |a ed   |a Hein, Wolfgang Hein   |a ed  
999 |c 10566  |d 10566